书目信息 |
| 题名: |
神通显化
|
|
| 作者: | 佚名 著 | |
| 分册: | ||
| 出版信息: | 吉林 1997.01 |
|
| 页数: | 598页 | |
| 开本: | 32开 | |
| 丛书名: | ||
| 单 册: | ||
| 中图分类: | I242.1 | |
| 科图分类: | ||
| 主题词: | 小说--中国 | |
| 电子资源: | ||
| ISBN: | 7-80626-132-X | |
| 000 | 00630nam0 2200205 45 | |
| 001 | 0011051912 | |
| 005 | 20001105192819.5 | |
| 010 | @a7-80626-132-X@d22.70元 | |
| 100 | @a20001105d1997 km y0chiy0120 ea | |
| 101 | 0 | @achi |
| 105 | @a z 000yy | |
| 200 | 1 | @a神通显化@AShen Tong Xian Hua@f佚名著@FYi Ming Zhu@e中国神怪小说大系@EZhong Guo Shen Guai Xiao Shuo Da Xi |
| 210 | @a吉林@d1997.01 | |
| 215 | @a598页@d32开 | |
| 517 | @a中国神怪小说大系@AZhong Guo Shen Guai Xiao Shuo DaXi | |
| 606 | 0 | @a小说@x中国 |
| 690 | @aI242.1@v3 | |
| 701 | 0 | @a佚名@4著 |
| 801 | @aCN@bPftUser@c20001105 | |
| 905 | @dI242.1@eY532:6@b198447-448@f2 | |
| 神通显化/佚名著:中国神怪小说大系.-吉林,1997.01 |
| 598页;32开 |
| ISBN 7-80626-132-X:22.70元 |
| ● |
| 相关链接 |
|
|
|
正题名:神通显化
索取号:I242.1/Y532:6
 
预约/预借
| 序号 | 登录号 | 条形码 | 馆藏地/架位号 | 状态 | 备注 |
| 1 | 198447 | 201984479 | 文学库108/108文学库 21排4列1层/ [索取号:I242.1/Y532:6] | 在馆 | |
| 2 | 198448 | 201984488 | 文学库108/108文学库 21排4列1层/ [索取号:I242.1/Y532:6] | 在馆 |